| 000 | 00969cam a22002535i 4500 | ||
|---|---|---|---|
| 001 | 166746 | ||
| 003 | ES-MaACL | ||
| 005 | 20250927114716.0 | ||
| 008 | 980817s1875 fr a |||| | fre d | ||
| 040 |
_aCCPB | B _bspa _cCCPB | B |
||
| 100 | 1 |
_aTyndall, John ( _d1820-1893) _9133425 |
|
| 245 | 1 | 3 |
_aLa Lumière _b: six leçons faites en Amerique dans l'hiver de 1872-1873 / _cpar John Tyndall ; ouvrage traduit de l'anglais par M. l'Abbé Moigno. |
| 260 |
_aParis : _b[s.n.], _c1875 ( _fImprimerie de Gauthier-Villars) |
||
| 300 |
_aXXI, 265, 4 p. : _bil. ; _c22 cm. |
||
| 596 | _aDatos pié de imp. tomados del colofón. | ||
| 599 | _aIlustraciones intercal. en texto. | ||
| 599 | _aPrimera h. de lam. : retrato del autor. | ||
| 650 | 7 |
_aFísica _2embne _912877 |
|
| 700 | 1 |
_aMoigno, François, _d1804-1884 _9130010 |
|
| 852 |
_aES-MaACL _jD-5026 _z-- Enc. hol. |
||
| 852 |
_aES-MaACL _jB-1400 _z-- Enc. hol. |
||
| 999 |
_c166746 _d166746 |
||